00647nam a2200217 4500003000400000005001700004008004100021020001500062040001800077050002100095245008100116264002900197300002500226336002200251337002400273338002400297650002400321710005500345942001200400999001700412OSt20260530113858.0260506b1973 xxua|||| |||| 00| 0 eng d a0486220222 aICIbspacICI aTJ1195bT66 197300aTools and their uses /cPrepared by the u. s. navy (bureau of naval prsonnel 1bDover,c1973aNew York : a179 páginasc23cm. atexto2rdacontent asin medio2rdamedia avolumen2rdacarrier aHerramientas9319521 aEstados Unidos. bBureau of Naval Personnel931953 2lcccBK c11693d11693